[Event "Campionat de Catalunya 2021 Sub 10-14"]
[Site "Salou"]
[Date "2021.03.31"]
[Round "7.1"]
[White "Ribera Veganzones, Serni"]
[Black "Ano Pla, Gerard"]
[Result "1/2-1/2"]
[WhiteFideId "6900860"]
[BlackFideId "24560561"]
[WhiteElo "2010"]
[BlackElo "1975"]

1. e4 {[%clk 01:30:57]} {[%emt 00:00:01]} c5 {[%clk 01:30:55]} {[%emt
00:00:06]} 2. Nf3 {[%clk 01:31:15]} {[%emt 00:00:12]} Nc6 {[%clk 01:31:15]}
{[%emt 00:00:09]} 3. Bb5 {[%clk 01:31:26]} {[%emt 00:00:19]} g6 {[%clk
01:31:40]} {[%emt 00:00:06]} 4. O-O {[%clk 01:31:22]} {[%emt 00:00:34]} Bg7
{[%clk 01:32:06]} {[%emt 00:00:03]} 5. c3 {[%clk 01:31:00]} {[%emt 00:00:52]}
e5 {[%clk 01:22:35]} {[%emt 00:10:01]} 6. d4 {[%clk 01:30:03]} {[%emt
00:01:27]} cxd4 {[%clk 01:22:47]} {[%emt 00:00:18]} 7. cxd4 {[%clk 01:30:28]}
{[%emt 00:00:06]} exd4 {[%clk 01:16:57]} {[%emt 00:06:20]} 8. Bf4 {[%clk
01:28:34]} {[%emt 00:02:24]} Nge7 {[%clk 01:12:01]} {[%emt 00:05:26]} 9. Bd6
{[%clk 01:25:01]} {[%emt 00:04:02]} O-O {[%clk 01:08:26]} {[%emt 00:04:06]} 10.
Nbd2 {[%clk 01:22:23]} {[%emt 00:03:08]} a6 {[%clk 01:04:50]} {[%emt 00:04:06]}
11. Bd3 {[%clk 01:20:27]} {[%emt 00:02:26]} b6 {[%clk 01:01:26]} {[%emt
00:03:53]} 12. a4 {[%clk 01:15:06]} {[%emt 00:05:51]} Bb7 {[%clk 00:54:28]}
{[%emt 00:07:29]} 13. Qb3 {[%clk 01:11:10]} {[%emt 00:04:26]} Na5 {[%clk
00:41:40]} {[%emt 00:13:18]} 14. Qa2 {[%clk 01:09:14]} {[%emt 00:02:26]} Bc6
{[%clk 00:41:08]} {[%emt 00:01:02]} 15. Nc4 {[%clk 00:53:21]} {[%emt 00:16:22]}
Nb7 {[%clk 00:37:35]} {[%emt 00:04:03]} 16. Bxe7 {[%clk 00:52:48]} {[%emt
00:01:04]} Qxe7 {[%clk 00:37:59]} {[%emt 00:00:06]} 17. Nxb6 {[%clk 00:53:13]}
{[%emt 00:00:05]} Nc5 {[%clk 00:32:36]} {[%emt 00:05:52]} 18. Bc4 {[%clk
00:27:32]} {[%emt 00:26:12]} Nxe4 {[%clk 00:23:26]} {[%emt 00:09:40]} 19. Rfe1
{[%clk 00:18:30]} {[%emt 00:09:33]} Rae8 {[%clk 00:20:58]} {[%emt 00:02:58]} 20.
Re2 {[%clk 00:07:10]} {[%emt 00:11:50]} Kh8 {[%clk 00:18:26]} {[%emt 00:03:01]}
21. Rae1 {[%clk 00:07:32]} {[%emt 00:00:08]} f5 {[%clk 00:18:37]} {[%emt
00:00:20]} 22. Bxa6 {[%clk 00:07:22]} {[%emt 00:00:41]} Qc5 {[%clk 00:16:03]}
{[%emt 00:03:03]} 23. a5 {[%clk 00:07:05]} {[%emt 00:00:47]} d5 {[%clk
00:13:28]} {[%emt 00:03:04]} 24. Bd3 {[%clk 00:07:14]} {[%emt 00:00:22]} g5
{[%clk 00:11:48]} {[%emt 00:02:10]} 25. h4 {[%clk 00:05:05]} {[%emt 00:02:39]}
g4 {[%clk 00:10:51]} {[%emt 00:01:27]} 26. Nh2 {[%clk 00:05:12]} {[%emt
00:00:23]} g3 {[%clk 00:09:47]} {[%emt 00:01:34]} 27. fxg3 {[%clk 00:05:15]}
{[%emt 00:00:27]} Qd6 {[%clk 00:08:06]} {[%emt 00:02:11]} 28. Nf1 {[%clk
00:05:06]} {[%emt 00:00:39]} f4 {[%clk 00:07:41]} {[%emt 00:00:55]} 29. gxf4
{[%clk 00:04:09]} {[%emt 00:01:27]} Rxf4 {[%clk 00:07:12]} {[%emt 00:00:59]} 30.
Qa3 {[%clk 00:03:08]} {[%emt 00:01:31]} Qh6 {[%clk 00:05:22]} {[%emt 00:02:20]}
31. g3 {[%clk 00:03:15]} {[%emt 00:00:23]} Rf3 {[%clk 00:05:47]} {[%emt
00:00:05]} 32. Rg2 {[%clk 00:03:41]} {[%emt 00:00:04]} Be5 {[%clk 00:04:55]}
{[%emt 00:01:22]} 33. a6 {[%clk 00:03:23]} {[%emt 00:00:48]} Bb5 {[%clk
00:05:00]} {[%emt 00:00:25]} 34. Bxb5 {[%clk 00:02:46]} {[%emt 00:01:08]} Rxa3
{[%clk 00:05:25]} {[%emt 00:00:05]} 35. bxa3 {[%clk 00:02:55]} {[%emt
00:00:21]} Rb8 {[%clk 00:04:19]} {[%emt 00:01:36]} 36. a7 {[%clk 00:03:02]}
{[%emt 00:00:23]} Qxb6 {[%clk 00:04:45]} {[%emt 00:00:04]} 37. axb8=Q+ {[%clk
00:03:25]} {[%emt 00:00:07]} Qxb8 {[%clk 00:05:03]} {[%emt 00:00:12]} 38. a4
{[%clk 00:03:23]} {[%emt 00:00:32]} Qb6 {[%clk 00:02:37]} {[%emt 00:02:56]} 39.
Bd3 {[%clk 00:02:53]} {[%emt 00:01:00]} 1/2-1/2

[Event "Campionat de Catalunya 2021 Sub 10-14"]
[Site "Salou"]
[Date "2021.03.31"]
[Round "7.2"]
[White "Prada Villagrasa, Adria"]
[Black "Domene Mulyukov, Alexander"]
[Result "0-1"]
[WhiteFideId "54500915"]
[BlackFideId "24589802"]
[WhiteElo "1360"]
[BlackElo "2023"]

1. d4 {[%clk 01:30:57]} {[%emt 00:00:02]} Nf6 {[%clk 01:30:57]} {[%emt
00:00:03]} 2. c4 {[%clk 01:31:15]} {[%emt 00:00:12]} g6 {[%clk 01:31:24]}
{[%emt 00:00:03]} 3. Nc3 {[%clk 01:31:35]} {[%emt 00:00:10]} Bg7 {[%clk
01:31:50]} {[%emt 00:00:03]} 4. e4 {[%clk 01:31:57]} {[%emt 00:00:09]} d6
{[%clk 01:32:17]} {[%emt 00:00:03]} 5. Nf3 {[%clk 01:32:15]} {[%emt 00:00:11]}
O-O {[%clk 01:32:40]} {[%emt 00:00:07]} 6. Be2 {[%clk 01:32:38]} {[%emt
00:00:07]} e5 {[%clk 01:33:07]} {[%emt 00:00:03]} 7. O-O {[%clk 01:32:52]}
{[%emt 00:00:17]} Nc6 {[%clk 01:33:31]} {[%emt 00:00:06]} 8. d5 {[%clk
01:33:16]} {[%emt 00:00:06]} Ne7 {[%clk 01:33:57]} {[%emt 00:00:03]} 9. Ne1
{[%clk 01:33:22]} {[%emt 00:00:23]} Nd7 {[%clk 01:34:06]} {[%emt 00:00:22]} 10.
Nd3 {[%clk 01:33:37]} {[%emt 00:00:15]} f5 {[%clk 01:34:02]} {[%emt 00:00:34]}
11. f3 {[%clk 01:33:41]} {[%emt 00:00:26]} Rf7 {[%clk 01:32:41]} {[%emt
00:01:51]} 12. b4 {[%clk 01:33:14]} {[%emt 00:00:57]} f4 {[%clk 01:31:09]}
{[%emt 00:02:02]} 13. a4 {[%clk 01:30:38]} {[%emt 00:03:07]} g5 {[%clk
01:31:24]} {[%emt 00:00:14]} 14. a5 {[%clk 01:29:03]} {[%emt 00:02:05]} Ng6
{[%clk 01:30:50]} {[%emt 00:01:03]} 15. c5 {[%clk 01:26:59]} {[%emt 00:02:34]}
Nf6 {[%clk 01:26:44]} {[%emt 00:04:36]} 16. Kh1 {[%clk 01:25:35]} {[%emt
00:01:54]} Nh5 {[%clk 01:23:02]} {[%emt 00:04:13]} 17. Bd2 {[%clk 01:23:25]}
{[%emt 00:02:38]} Qf6 {[%clk 01:23:09]} {[%emt 00:00:24]} 18. Be1 {[%clk
01:22:34]} {[%emt 00:01:21]} Nh4 {[%clk 01:23:18]} {[%emt 00:00:21]} 19. g4
{[%clk 01:19:20]} {[%emt 00:03:43]} fxg3 {[%clk 01:23:03]} {[%emt 00:00:45]} 20.
hxg3 {[%clk 01:19:11]} {[%emt 00:00:38]} Bh3 {[%clk 01:18:00]} {[%emt
00:05:33]} 21. gxh4 {[%clk 01:16:21]} {[%emt 00:03:20]} Bxf1 {[%clk 01:18:16]}
{[%emt 00:00:14]} 22. Bxf1 {[%clk 01:16:13]} {[%emt 00:00:37]} gxh4 {[%clk
01:12:41]} {[%emt 00:06:06]} 23. Ra2 {[%clk 01:14:06]} {[%emt 00:02:38]} Ng3+
{[%clk 01:10:40]} {[%emt 00:02:29]} 24. Bxg3 {[%clk 01:13:08]} {[%emt
00:01:26]} hxg3 {[%clk 01:11:06]} {[%emt 00:00:06]} 25. Bh3 {[%clk 01:11:41]}
{[%emt 00:01:57]} Bh6 {[%clk 01:08:32]} {[%emt 00:03:04]} 26. Kg2 {[%clk
01:10:32]} {[%emt 00:01:39]} Kh8 {[%clk 01:05:50]} {[%emt 00:03:11]} 27. Bf5
{[%clk 01:09:00]} {[%emt 00:02:01]} Rg7 {[%clk 01:01:34]} {[%emt 00:04:46]} 28.
Qh1 {[%clk 01:08:10]} {[%emt 00:01:20]} Rf8 {[%clk 01:00:25]} {[%emt 00:01:38]}
29. Qh3 {[%clk 01:07:05]} {[%emt 00:01:34]} Qg5 {[%clk 01:00:01]} {[%emt
00:00:56]} 30. Re2 {[%clk 01:05:29]} {[%emt 00:02:06]} Rf6 {[%clk 00:57:36]}
{[%emt 00:02:55]} 31. Qg4 {[%clk 01:03:31]} {[%emt 00:02:27]} Kg8 {[%clk
00:57:24]} {[%emt 00:00:42]} 32. Qxg5 {[%clk 00:59:05]} {[%emt 00:04:56]} Bxg5
{[%clk 00:57:25]} {[%emt 00:00:29]} 33. cxd6 {[%clk 00:57:55]} {[%emt
00:01:40]} cxd6 {[%clk 00:56:33]} {[%emt 00:01:22]} 34. Rc2 {[%clk 00:56:38]}
{[%emt 00:01:47]} Rc7 {[%clk 00:51:14]} {[%emt 00:05:49]} 35. Kxg3 {[%clk
00:55:15]} {[%emt 00:01:53]} Be3 {[%clk 00:51:31]} {[%emt 00:00:14]} 36. Ne1
{[%clk 00:48:22]} {[%emt 00:07:23]} Rg7+ {[%clk 00:51:21]} {[%emt 00:00:40]} 37.
Bg4 {[%clk 00:46:31]} {[%emt 00:02:22]} h5 {[%clk 00:51:37]} {[%emt 00:00:13]}
38. Nd1 {[%clk 00:46:17]} {[%emt 00:00:44]} Bf4+ {[%clk 00:51:53]} {[%emt
00:00:14]} 39. Kf2 {[%clk 00:45:41]} {[%emt 00:01:06]} hxg4 {[%clk 00:52:10]}
{[%emt 00:00:13]} 40. fxg4 {[%clk 00:45:49]} {[%emt 00:00:22]} Rxg4 {[%clk
00:52:06]} {[%emt 00:00:34]} 41. Rc8+ {[%clk 00:45:33]} {[%emt 00:00:47]} Kh7
{[%clk 00:52:24]} {[%emt 00:00:12]} 42. Rc7+ {[%clk 00:45:28]} {[%emt
00:00:35]} Rg7 {[%clk 00:51:50]} {[%emt 00:01:03]} 43. Rxg7+ {[%clk 00:44:56]}
{[%emt 00:01:01]} Kxg7 {[%clk 00:52:11]} {[%emt 00:00:09]} 44. Nf3 {[%clk
00:44:27]} {[%emt 00:00:59]} Bd2 {[%clk 00:52:29]} {[%emt 00:00:12]} 45. b5
{[%clk 00:44:00]} {[%emt 00:00:58]} Bxa5 {[%clk 00:52:50]} {[%emt 00:00:09]} 46.
Ne3 {[%clk 00:44:12]} {[%emt 00:00:17]} Bb6 {[%clk 00:53:13]} {[%emt 00:00:07]}
47. Ke2 {[%clk 00:44:23]} {[%emt 00:00:19]} Bxe3 {[%clk 00:53:29]} {[%emt
00:00:15]} 48. Kxe3 {[%clk 00:44:49]} {[%emt 00:00:04]} Rxf3+ {[%clk 00:53:42]}
{[%emt 00:00:17]} 49. Kxf3 {[%clk 00:45:09]} {[%emt 00:00:10]} Kf6 {[%clk
00:54:03]} {[%emt 00:00:09]} 50. Ke3 {[%clk 00:45:04]} {[%emt 00:00:34]} Kg5
{[%clk 00:54:25]} {[%emt 00:00:07]} 51. Kf3 {[%clk 00:44:59]} {[%emt 00:00:35]}
Kh4 {[%clk 00:54:50]} {[%emt 00:00:05]} 52. Kf2 {[%clk 00:44:49]} {[%emt
00:00:40]} Kg4 {[%clk 00:55:15]} {[%emt 00:00:05]} 53. Ke3 {[%clk 00:45:07]}
{[%emt 00:00:12]} Kg3 {[%clk 00:55:41]} {[%emt 00:00:04]} 54. Ke2 {[%clk
00:45:19]} {[%emt 00:00:17]} Kf4 {[%clk 00:56:05]} {[%emt 00:00:05]} 55. Kd3
{[%clk 00:45:23]} {[%emt 00:00:26]} Kf3 {[%clk 00:56:30]} {[%emt 00:00:06]} 56.
b6 {[%clk 00:45:42]} {[%emt 00:00:11]} a6 {[%emt 00:00:23]} 0-1

[Event "Campionat de Catalunya 2021 Sub 10-14"]
[Site "Salou"]
[Date "2021.03.31"]
[Round "7.3"]
[White "Valle Luis, Leo"]
[Black "Romeu Viladot, Emili"]
[Result "1-0"]
[WhiteFideId "54577187"]
[BlackFideId "24586080"]
[WhiteElo "1706"]
[BlackElo "1745"]

1. e4 {[%clk 01:30:53]} {[%emt 00:00:06]} c5 {[%clk 01:30:54]} {[%emt
00:00:07]} 2. Nf3 {[%clk 01:31:16]} {[%emt 00:00:08]} d6 {[%emt 00:00:07]} 3.
d4 {[%clk 01:31:40]} {[%emt 00:00:03]} cxd4 {[%clk 01:31:44]} {[%emt 00:00:05]}
4. Nxd4 {[%clk 01:32:04]} {[%emt 00:00:05]} Nf6 {[%clk 01:32:09]} {[%emt
00:00:06]} 5. Nc3 {[%clk 01:32:22]} {[%emt 00:00:12]} a6 {[%emt 00:00:08]} 6.
Be2 {[%clk 01:32:42]} {[%emt 00:00:07]} e5 {[%clk 01:32:59]} {[%emt 00:00:06]}
7. Nb3 {[%clk 01:33:05]} {[%emt 00:00:07]} Be7 {[%emt 00:00:37]} 8. Be3 {[%clk
01:32:49]} {[%emt 00:00:14]} Be6 {[%emt 00:01:38]} 9. g4 {[%emt 00:09:40]} d5
{[%emt 00:01:03]} 10. exd5 {[%clk 01:31:03]} {[%emt 00:00:52]} Nxd5 {[%clk
01:23:30]} {[%emt 00:00:57]} 11. Nxd5 {[%emt 00:00:18]} Qxd5 {[%clk 01:22:40]}
{[%emt 00:01:15]} 12. O-O {[%emt 00:07:18]} Nd7 {[%emt 00:11:54]} 13. Qxd5
{[%clk 01:24:47]} {[%emt 00:01:01]} Bxd5 {[%clk 01:10:54]} {[%emt 00:00:06]} 14.
Rfd1 {[%emt 00:09:26]} Be6 {[%clk 01:01:36]} {[%emt 00:00:33]} 15. Bf3 {[%clk
01:25:23]} {[%emt 00:00:13]} Rc8 {[%clk 01:01:46]} {[%emt 00:00:20]} 16. c3
{[%emt 00:06:14]} b5 {[%emt 00:00:37]} 17. Bb7 {[%emt 00:01:35]} Rc4 {[%emt
00:01:13]} 18. f3 {[%emt 00:05:04]} Nb8 {[%clk 00:51:56]} {[%emt 00:00:30]} 19.
Bb6 {[%emt 00:03:30]} O-O {[%emt 00:02:43]} 20. Nd2 {[%clk 01:19:54]} {[%emt
00:00:14]} Bc5+ {[%clk 00:49:16]} {[%emt 00:01:18]} 21. Bxc5 {[%clk 01:20:14]}
{[%emt 00:00:10]} Rxc5 {[%clk 00:49:45]} {[%emt 00:00:01]} 22. Ne4 {[%emt
00:02:15]} Rc7 {[%clk 00:48:08]} {[%emt 00:00:01]} 23. Bd5 {[%emt 00:01:58]}
Bxd5 {[%clk 00:45:54]} {[%emt 00:00:53]} 24. Rxd5 {[%clk 01:20:50]} {[%emt
00:06:44]} f6 25. Rad1 {[%emt 00:09:04]} Rfc8 {[%emt 00:00:09]} 26. Rd8+ {[%clk
01:21:30]} {[%emt 00:01:57]} Kf7 27. Rxc8 {[%emt 00:00:36]} 1-0

[Event "Campionat de Catalunya 2021 Sub 10-14"]
[Site "Salou"]
[Date "2021.03.31"]
[Round "7.4"]
[White "Linca Linca, Felix Antonio"]
[Black "Salinas Tomas, Daniel"]
[Result "1-0"]
[WhiteFideId "54764998"]
[BlackFideId "24597716"]
[WhiteElo "1305"]
[BlackElo "2024"]

1. e4 {[%clk 01:30:52]} {[%emt 00:00:08]} e5 {[%clk 01:30:45]} {[%emt
00:00:15]} 2. Nf3 {[%clk 01:30:03]} {[%emt 00:01:19]} Nf6 {[%clk 01:30:57]}
{[%emt 00:00:18]} 3. d4 {[%clk 01:29:05]} {[%emt 00:01:29]} Nxe4 {[%clk
01:30:26]} {[%emt 00:01:01]} 4. Nxe5 {[%clk 01:28:14]} {[%emt 00:01:20]} d5
{[%clk 01:30:23]} {[%emt 00:00:34]} 5. Bd3 {[%clk 01:27:43]} {[%emt 00:01:00]}
Nd7 {[%clk 01:30:06]} {[%emt 00:00:46]} 6. Nxf7 {[%clk 01:22:21]} {[%emt
00:05:53]} Qh4 {[%clk 01:03:48]} {[%emt 00:26:48]} 7. g3 {[%clk 01:20:26]}
{[%emt 00:02:25]} Qe7 {[%clk 01:02:19]} {[%emt 00:01:57]} 8. Ne5 {[%clk
01:20:42]} {[%emt 00:00:15]} Nxe5 {[%clk 00:57:41]} {[%emt 00:05:08]} 9. dxe5
{[%clk 01:19:46]} {[%emt 00:01:25]} Qxe5 {[%clk 00:55:21]} {[%emt 00:02:51]} 10.
O-O {[%clk 01:17:49]} {[%emt 00:02:27]} Bc5 {[%clk 00:49:04]} {[%emt 00:06:48]}
11. Bf4 {[%clk 01:15:51]} {[%emt 00:02:28]} Qe6 {[%clk 00:41:25]} {[%emt
00:08:09]} 12. Bxe4 {[%clk 01:15:50]} {[%emt 00:00:30]} c6 {[%clk 00:35:54]}
{[%emt 00:06:03]} 13. Bg2 {[%clk 01:15:23]} {[%emt 00:00:57]} O-O {[%clk
00:35:59]} {[%emt 00:00:25]} 14. Nc3 {[%clk 01:15:04]} {[%emt 00:00:48]} Qg6
{[%clk 00:35:30]} {[%emt 00:00:59]} 15. Nxd5 {[%clk 01:13:58]} {[%emt
00:01:35]} Bg4 {[%clk 00:35:24]} {[%emt 00:00:37]} 16. Bf3 {[%clk 01:12:53]}
{[%emt 00:01:34]} Bh3 {[%clk 00:30:51]} {[%emt 00:05:03]} 17. Re1 {[%clk
01:09:16]} {[%emt 00:04:07]} cxd5 {[%clk 00:28:30]} {[%emt 00:02:52]} 18. Qxd5+
{[%clk 01:09:11]} {[%emt 00:00:33]} Kh8 {[%clk 00:28:47]} {[%emt 00:00:14]} 19.
Qxc5 {[%clk 01:08:21]} {[%emt 00:01:19]} Rxf4 {[%clk 00:28:48]} {[%emt
00:00:29]} 20. Bg2 {[%clk 01:08:09]} {[%emt 00:00:42]} Bxg2 {[%clk 00:28:15]}
{[%emt 00:01:05]} 21. gxf4 {[%clk 01:04:28]} {[%emt 00:04:10]} Bd5+ {[%clk
00:27:35]} {[%emt 00:01:09]} 22. Kf1 {[%clk 01:04:10]} {[%emt 00:00:50]} Bg2+
{[%clk 00:15:38]} {[%emt 00:12:27]} 23. Ke2 {[%clk 01:02:05]} {[%emt 00:02:34]}
Qe4+ {[%clk 00:06:34]} {[%emt 00:09:35]} 24. Kd2 {[%clk 01:01:35]} {[%emt
00:01:00]} Rd8+ {[%clk 00:03:14]} {[%emt 00:03:50]} 25. Kc3 {[%clk 01:00:54]}
{[%emt 00:01:11]} Qxf4 {[%clk 00:02:36]} {[%emt 00:01:09]} 26. b3 {[%clk
01:00:36]} {[%emt 00:00:48]} h6 {[%clk 00:01:01]} {[%emt 00:02:05]} 27. Kb2
{[%clk 01:00:39]} {[%emt 00:00:26]} a5 {[%clk 00:00:50]} {[%emt 00:00:42]} 28.
Qe5 {[%clk 01:00:27]} {[%emt 00:00:41]} Qb4 {[%clk 00:00:39]} {[%emt 00:00:41]}
29. Rad1 {[%clk 01:00:13]} {[%emt 00:00:43]} Ra8 {[%clk 00:00:43]} {[%emt
00:00:27]} 30. Rd7 {[%clk 01:00:22]} {[%emt 00:00:21]} Qg4 {[%clk 00:00:55]}
{[%emt 00:00:17]} 31. Qc7 {[%clk 01:00:21]} {[%emt 00:00:32]} Qg5 {[%clk
00:00:49]} {[%emt 00:00:36]} 32. h4 {[%clk 01:00:12]} {[%emt 00:00:38]} Qf6+
{[%clk 00:00:45]} {[%emt 00:00:35]} 33. Qe5 {[%clk 01:00:25]} {[%emt 00:00:16]}
Qg6 {[%clk 00:00:58]} {[%emt 00:00:18]} 34. h5 {[%clk 01:00:32]} {[%emt
00:00:23]} Qg4 {[%clk 00:01:17]} {[%emt 00:00:10]} 35. Qe7 {[%clk 01:00:32]}
{[%emt 00:00:31]} Kh7 {[%clk 00:01:08]} {[%emt 00:00:40]} 36. Re6 {[%clk
01:00:33]} {[%emt 00:00:29]} Bh3 {[%clk 00:00:43]} {[%emt 00:00:56]} 37. Rdd6
{[%clk 01:00:25]} {[%emt 00:00:37]} Qxh5 {[%clk 00:00:36]} {[%emt 00:00:37]} 38.
Rxh6+ {[%emt 00:00:53]} 1-0

[Event "Campionat de Catalunya 2021 Sub 10-14"]
[Site "Salou"]
[Date "2021.03.31"]
[Round "7.5"]
[White "Uber Gracia, Hugo"]
[Black "Lambert Pont, James"]
[Result "1/2-1/2"]
[WhiteFideId "54720079"]
[BlackFideId "54564816"]
[WhiteElo "1691"]
[BlackElo "1585"]

1. e4 {[%clk 01:30:40]} {[%emt 00:00:19]} c5 {[%clk 01:30:47]} {[%emt
00:00:15]} 2. Nf3 {[%clk 01:30:40]} {[%emt 00:00:30]} Nc6 {[%clk 01:31:02]}
{[%emt 00:00:15]} 3. Bb5 {[%clk 01:30:43]} {[%emt 00:00:27]} g6 {[%clk
01:30:47]} {[%emt 00:00:46]} 4. Bxc6 {[%clk 01:30:15]} {[%emt 00:00:58]} dxc6
{[%clk 01:30:23]} {[%emt 00:00:54]} 5. d3 {[%clk 01:28:35]} {[%emt 00:02:10]}
Bg7 {[%clk 01:29:32]} {[%emt 00:01:20]} 6. c3 {[%clk 01:28:22]} {[%emt
00:00:44]} Nf6 {[%clk 01:26:49]} {[%emt 00:03:13]} 7. Be3 {[%clk 01:23:57]}
{[%emt 00:04:54]} b6 {[%clk 01:23:18]} {[%emt 00:04:03]} 8. Qc2 {[%clk
01:21:18]} {[%emt 00:03:08]} O-O {[%clk 01:16:23]} {[%emt 00:07:25]} 9. O-O
{[%clk 01:19:22]} {[%emt 00:02:22]} Qc7 {[%clk 01:03:40]} {[%emt 00:13:18]} 10.
h3 {[%clk 01:17:38]} {[%emt 00:02:12]} Rd8 {[%clk 00:57:19]} {[%emt 00:06:52]}
11. Rd1 {[%clk 01:15:47]} {[%emt 00:02:19]} Ba6 {[%clk 00:57:26]} {[%emt
00:00:25]} 12. c4 {[%clk 01:12:40]} {[%emt 00:03:36]} Nd7 {[%clk 00:56:32]}
{[%emt 00:01:24]} 13. a4 {[%clk 01:09:51]} {[%emt 00:03:18]} e5 {[%clk
00:56:44]} {[%emt 00:00:18]} 14. Qc1 {[%clk 00:57:17]} {[%emt 00:13:03]} Nf8
{[%clk 00:54:57]} {[%emt 00:02:19]} 15. Nc3 {[%clk 00:51:43]} {[%emt 00:06:03]}
Ne6 {[%clk 00:50:00]} {[%emt 00:05:27]} 16. Ne2 {[%clk 00:48:47]} {[%emt
00:03:26]} Nd4 {[%clk 00:48:00]} {[%emt 00:02:30]} 17. Nfxd4 {[%clk 00:47:21]}
{[%emt 00:01:56]} cxd4 {[%clk 00:47:40]} {[%emt 00:00:50]} 18. Bd2 {[%clk
00:46:05]} {[%emt 00:01:45]} c5 {[%clk 00:46:47]} {[%emt 00:01:25]} 19. f4
{[%clk 00:44:39]} {[%emt 00:01:55]} Re8 {[%clk 00:41:15]} {[%emt 00:06:03]} 20.
Rf1 {[%clk 00:42:22]} {[%emt 00:02:46]} Bb7 {[%clk 00:37:48]} {[%emt 00:03:57]}
21. f5 {[%clk 00:40:35]} {[%emt 00:02:17]} Qd6 {[%clk 00:31:36]} {[%emt
00:06:42]} 22. Bg5 {[%clk 00:36:43]} {[%emt 00:04:21]} f6 {[%clk 00:30:48]}
{[%emt 00:01:19]} 23. Bh6 {[%clk 00:34:29]} {[%emt 00:02:43]} g5 {[%clk
00:30:57]} {[%emt 00:00:22]} 24. Bxg7 {[%clk 00:34:12]} {[%emt 00:00:47]} Kxg7
{[%clk 00:29:45]} {[%emt 00:01:42]} 25. Ng3 {[%clk 00:33:43]} {[%emt 00:00:59]}
h6 {[%clk 00:29:27]} {[%emt 00:00:49]} 26. Qd1 {[%clk 00:33:17]} {[%emt
00:00:56]} Qe7 {[%clk 00:29:13]} {[%emt 00:00:44]} 27. Qg4 {[%clk 00:32:44]}
{[%emt 00:01:03]} Rh8 {[%clk 00:27:49]} {[%emt 00:01:52]} 28. Qd1 {[%clk
00:30:30]} {[%emt 00:02:46]} Bc6 {[%clk 00:25:26]} {[%emt 00:02:53]} 29. Nh5+
{[%clk 00:24:56]} {[%emt 00:06:05]} Kf7 {[%clk 00:24:49]} {[%emt 00:01:07]}
1/2-1/2

[Event "Campionat de Catalunya 2021 Sub 10-14"]
[Site "Salou"]
[Date "2021.03.31"]
[Round "7.6"]
[White "Safont-Tria Sastre, Biel"]
[Black "Mompel Ferruz, Xavier"]
[Result "0-1"]
[WhiteFideId "54539501"]
[BlackFideId "54585775"]
[WhiteElo "1293"]
[BlackElo "1721"]

1. d4 {[%clk 01:30:58]} d5 {[%clk 01:30:47]} {[%emt 00:00:13]} 2. c4 {[%clk
01:31:23]} {[%emt 00:00:06]} c6 {[%clk 01:31:08]} {[%emt 00:00:08]} 3. Nf3
{[%clk 01:31:40]} {[%emt 00:00:13]} Nf6 {[%clk 01:31:23]} {[%emt 00:00:15]} 4.
Nc3 {[%clk 01:32:01]} {[%emt 00:00:10]} e6 {[%clk 01:31:37]} {[%emt 00:00:15]}
5. Bg5 {[%clk 01:32:14]} {[%emt 00:00:17]} Nbd7 {[%clk 01:31:40]} {[%emt
00:00:28]} 6. e3 {[%clk 01:32:09]} {[%emt 00:00:35]} Qa5 {[%clk 01:30:48]}
{[%emt 00:01:22]} 7. a3 {[%clk 01:31:15]} {[%emt 00:01:24]} Ne4 {[%clk
01:23:39]} {[%emt 00:07:38]} 8. Qc1 {[%clk 01:25:19]} {[%emt 00:06:27]} dxc4
{[%clk 01:18:36]} {[%emt 00:05:33]} 9. Bxc4 {[%clk 01:19:07]} {[%emt 00:06:42]}
Nxg5 {[%clk 01:18:14]} {[%emt 00:00:52]} 10. Nxg5 {[%clk 01:17:12]} {[%emt
00:02:25]} Qxg5 {[%clk 01:18:35]} {[%emt 00:00:09]} 11. O-O {[%clk 01:16:25]}
{[%emt 00:01:17]} Be7 {[%clk 01:13:02]} {[%emt 00:06:03]} 12. e4 {[%clk
01:12:57]} {[%emt 00:03:58]} Qxc1 {[%clk 01:13:22]} {[%emt 00:00:09]} 13. Raxc1
{[%clk 01:13:21]} {[%emt 00:00:06]} O-O {[%clk 01:11:59]} {[%emt 00:01:53]} 14.
e5 {[%clk 01:12:00]} {[%emt 00:01:52]} a6 {[%clk 01:10:15]} {[%emt 00:02:15]}
15. Rfe1 {[%clk 01:07:53]} {[%emt 00:04:37]} b5 {[%clk 01:08:30]} {[%emt
00:02:14]} 16. Ba2 {[%clk 01:07:47]} {[%emt 00:00:36]} b4 {[%clk 01:07:40]}
{[%emt 00:01:21]} 17. Ne4 {[%clk 01:03:28]} {[%emt 00:04:49]} Bb7 {[%clk
01:04:24]} {[%emt 00:03:45]} 18. axb4 {[%clk 01:01:20]} {[%emt 00:02:38]} Bxb4
{[%clk 01:04:34]} {[%emt 00:00:19]} 19. Re3 {[%clk 01:00:57]} {[%emt 00:00:54]}
c5 {[%clk 00:59:04]} {[%emt 00:06:00]} 20. Nxc5 {[%clk 00:54:06]} {[%emt
00:07:20]} Nxc5 {[%clk 00:59:06]} {[%emt 00:00:28]} 21. dxc5 {[%clk 00:54:20]}
{[%emt 00:00:17]} Bd2 {[%clk 00:59:22]} {[%emt 00:00:14]} 22. c6 {[%clk
00:52:02]} {[%emt 00:02:47]} Bxc1 {[%clk 00:59:30]} {[%emt 00:00:21]} 23. cxb7
{[%clk 00:51:45]} {[%emt 00:00:48]} Rad8 {[%clk 00:59:26]} {[%emt 00:00:34]} 24.
Re1 {[%clk 00:50:28]} {[%emt 00:01:47]} Bxb2 {[%clk 00:59:46]} {[%emt
00:00:10]} 25. h3 {[%clk 00:50:25]} {[%emt 00:00:34]} Rb8 {[%clk 00:59:48]}
{[%emt 00:00:28]} 26. Re4 {[%clk 00:48:44]} {[%emt 00:02:11]} Rxb7 {[%emt
00:01:46]} 0-1